Дневник Шиллинга М. Ф.

Доступно только в Электронных читальных залах Найти на картеНа карте
RUSMARC
00003853nac2a22002653x 450
0017f4cb350-485a-43ab-8ef8-22056658e406
00520211213142630.0
100##$a20211120l18991899k y0rusy50 ca
1010#$arus
$afre
102##$aRU
105##$ay z |||||
1222#$ad18990429
$ad18990722
2001#$aДневник Шиллинга М. Ф.
$j29 апреля 1899 - 22 июля
215##$a87 листов
251##$cДело
300##$aЧасть текста на французском языке
300##$aНа папке дела: 29 апреля 1899 г. - 22 июля 1899 г.
300##$aРукописный текст
330##$aВходит в раздел описи: 3. Документы о научной и литературной деятельности барона Шиллинга М. Ф.
461#0$1001ff9fc58f-089b-437b-980d-902343bc59d8
$12001
$aШиллинг Маврикий Фабианович, барон, секретарь русского посольства в Вене
$1251
$cФонд
$1852
$j813
462#0$1001665c067c-d934-4316-b9df-5bf0ad49190b
$12001
$aДела постоянного хранения. 1817-1917
$vД. 123
$1251
$cОпись
$1852
$j1
600#1$aШиллинг
$bМ. Ф.
$cбарон
$gМаврикий Фабианович
801#0$aRU
$bGA_RF
801#1$aRU
$bГлавНИВЦ
$c20211120
$2rusmarc
801#2$aRU
$bПБ им. Б.Н. Ельцина
$c20211213
$gRCR
$2rusmarc
852##$aГА РФ
$j123
937##$d171517109
$hГАРФ
035##$aRuPRLIB51060860
856##$uhttp://readingroom.main.prlib.ru/item.aspx?id_node=n171517109&mode=full
Формат отображения